000 00719nam a22001337a 4500
040 _cRUA
082 _aANS NGO 2018 B648 Or.1
100 _aNGOY SIENGHAI ង៉ុយ សៀងហៃ
245 _aeffect of cinnamaldehyde supplementation to concetrated feed on growth performance of weaning piglets up to 25kg ឥទ្ធិពលនៃការបន្ថែម CINNAMALDEHYDE នៅក្នុងចំណីសម្រេចលើការលូតលាស់របស់កូនជ្រូកផ្តាច់ដោះរហូតដល់ទម្ងន់ ២៥គីឡូក្រោម
260 _aRUA
_bPHNOM PENH
_c2018
300 _ax;38p
_bill;
_c29cm
856 _uNGOY SIENGHAI
942 _cANS
999 _c18278
_d18278